|
|
|
|
| LEADER |
01268njm a2200337 a 4500 |
| 001 |
000292720 |
| 003 |
CZ BrMZK |
| 005 |
19950101143423.0 |
| 008 |
950101s1994 xr f eng d |
| 028 |
0 |
3 |
|a 81 1284-2 131
|b Panton
|
| 040 |
|
|
|a BOA001
|b cze
|
| 080 |
|
|
|a 786.2.082.2(086.7)
|2 MRF
|
| 100 |
1 |
|
|a Prokof‘jev, Sergej Sergejevič,
|d 1891-1953
|7 jn19990210508
|4 cmp
|
| 245 |
1 |
0 |
|a Sonata no. 2 in D minor, op. 14 ;
|b Sonata no. 6 in A major, op. 82 ; Ten pieces, op. 12
|h [zvukový záznam] /
|c Sergei Prokofiev.
|
| 260 |
|
|
|a Praha :
|b Panton,
|c p1994
|
| 300 |
|
|
|a 1 CD :
|b DDD ;
|c 12 cm +
|e 1 brožura [12 s.].
|
| 306 |
|
|
|a 010746
|
| 490 |
1 |
|
|a Start - the youngest czech performers
|
| 500 |
|
|
|a Text v brož. vícejaz.
|
| 500 |
|
|
|a Nahr. 1994
|
| 500 |
|
|
|a Durata 67:46
|
| 511 |
0 |
|
|a Daniel Wiesner, klavír.
|
| 653 |
0 |
|
|a klavírní charakteristické skladby
|a klavírní sonáty
|
| 700 |
1 |
|
|a Wiesner, Daniel,
|d 1969-
|7 jn19990009124
|4 prf
|
| 740 |
0 |
2 |
|a Sonata no. 6 in A major, op. 82
|
| 740 |
0 |
2 |
|a Ten pieces, op. 12
|
| 830 |
|
0 |
|a Start - the youngest czech performers
|
| 910 |
|
|
|a BOA001
|b CD-0003.643
|
| 964 |
|
|
|a Klavír
|x sonáty
|x CD
|
| 990 |
|
|
|a AV
|
| 996 |
6 |
|
|b 261H003679
|c CD-0003.643
|l MZK
|r Sklad / do 24 hodin
|n 0
|w 000292720
|u 000010
|a 1
|e BOA001
|j MZK50
|s P
|